Política de prevención y control de la contaminación del aire / (Registro nro. 18960)

Detalles MARC
000 -CABECERA
Campo de control 01073nam a2200241 a 4500
005 - FECHA Y HORA DE LA ULTIMA TRANSACCION
Campo de control 20180803170325.0
008 - ELEMENTOS DE LONGITUD FIJA—INFORMACION GENERAL
Campo de control 121019s2011 ck a gr 000 0dspa d
020 ## - ISBN
ISBN 9789588491370
040 ## - FUENTE DE CATALOGACIÓN
Agencia catalogadora original CO-BoBLA
Agencia transcriptora CO-BoBLA
Agencia Modificadora CO-BoIAVH
041 0# - IDIOMA
Código de idioma para texto/pista de sonido o título separado Español
044 ## - PAÍS DE PUBLICACIÓN
País de publicación Colombia
082 04 - NUMERO DE CLASIFICACION DECIMAL DEWEY
Número de clasificación 363.73926
Número del ítem C71p
110 2# - ASIENTO PRINCIPAL--NOMBRE CORPORATIVO
Nombre corporativo o de jurisdicción como elemento de entrada Colombia
Unidad subordinad Ministerio de Ambiente, Vivienda y Desarrollo Territorial
9 (RLIN) 92336
245 10 - MENCION DE TITULO
Título Política de prevención y control de la contaminación del aire /
Mención de responsabilidad Ministerio de Ambiente, Vivienda y Desarrollo Territorial.
260 ## - PUBLICACION, DISTRIBUCION, ETC. (PIE DE IMPRENTA)
Lugar de publicación, distribución, etc. Bogotá :
Nombre del editor, distribuidor, etc. Ministerio de Ambiente, Vivienda y Desarrollo Territorial. Viceministerio de Ambiente. Dirección de Desarrollo Sectorial Sostenible,
Fecha de publicación, distribución, etc. 2011.
300 ## - DESCRIPCION FISICA
Extensión 47 páginas :
Otros detalles físicos ilustraciones ;
Dimensiones 28 x 22 cm.
504 ## - NOTA DE BIBLIOGRAFIA, ETC.
Nota de bibliografía Incluye referencias bibliográficas.
650 26 - ASIENTO SECUNDARIO DE MATERIA - TERMINO TEMATICO
Término temático o nombre geográfico como elemento de entrada Polución del aire
Subdivisión general Prevención
Subdivisión geográfica Colombia
9 (RLIN) 74221
650 26 - ASIENTO SECUNDARIO DE MATERIA - TERMINO TEMATICO
Término temático o nombre geográfico como elemento de entrada Polución del aire
Subdivisión general Legislación
Subdivisión geográfica Colombia
9 (RLIN) 74222
650 26 - ASIENTO SECUNDARIO DE MATERIA - TERMINO TEMATICO
Término temático o nombre geográfico como elemento de entrada Aire
Subdivisión general Control de calidad
Subdivisión geográfica Colombia
9 (RLIN) 74223
650 26 - ASIENTO SECUNDARIO DE MATERIA - TERMINO TEMATICO
Término temático o nombre geográfico como elemento de entrada Política ambiental
Subdivisión cronológica Colombia
9 (RLIN) 74224
942 ## - ELEMENTOS ADICIONALES (KOHA)
Sistema de clasificación Dewey Decimal Classification
Tipo de ítem Libro
Existencias
Withdrawn status Lost status Sistema de Clasificación Damaged status No para préstamo Colección Inventariado Ubicación Permanente Ubicación actual Fecha de adquisición Fuente de Valor Valor Total Checkouts Número topográfico Inventario / Código de Barras Date last seen Ejemplar Price effective from Forma de adquisición Tipo de material
    Dewey Decimal Classification     General Inventariado 2017 Bogotá Bogotá 11/08/2016 Instituto 39000.00   LB-363.73926 C71p 034522 11/08/2016 Ej. 1 11/08/2016 Donación Libro
    Dewey Decimal Classification     General   Bogotá Bogotá 03/01/2020       LB-363.73926 C71p 043974 03/01/2020 Ej. 2 03/01/2020 Donación Libro